| 000 | 00541nam a2200205 i 4500 | ||
|---|---|---|---|
| 001 | 70361 | ||
| 003 | ES-MaACL | ||
| 005 | 20230906170810.0 | ||
| 007 | t| | ||
| 008 | 040722s1973 sp ||||1| spa d | ||
| 100 | 1 |
_aGarcía-Salve, Francisco. _955252 |
|
| 245 | 1 | 0 |
_aHombrelucha / _cFrancisco García-Salve. |
| 250 | _a3ª ed. | ||
| 260 |
_aSalamanca : _bSígueme, _c1973. |
||
| 300 |
_a151 p. ; _c19 cm. |
||
| 490 | 1 |
_aEstela ; _v87 |
|
| 830 | 0 |
_aEstela ; _v87 _9181322 |
|
| 852 |
_aES-MaACL _jC-54525 _bR.87160 |
||
| 999 |
_c70361 _d70361 |
||